000 00817nam a2200253Ia 4500
003 OSt
005 20220918112014.0
006 a|||||r|||| 00| 0
007 ta
008 220915b |||||||| |||| 00| 0 hin d
024 _a173438
037 _cTextbook
040 _bhin
_aARTS
_cARTS
041 _ahin
082 _aO152,1M96,11, H8;L2
100 _aत्रिपाठी, सूर्यकान्त
_99527
245 0 _aगीतिका
246 _aGītikā
260 _aइलाहाबाद
_bभारती भंडार भारत
_c1948
300 _a106पृ0
_ccm.
650 _aहिन्दी साहित्य
942 _hO152,1M96,11, H8;L2
_cTB
_2CC
999 _c117829
_d117829